00375nam a2200133Ia 4500008004100000041000800041082001600049100004300065245003200108250000600140260005300146300001300199650002900212210716s2011 xx 000 0 und d aeng a004.21 RAKS aRakshit, Sandip; Chakraborthy, Sumana. aSystem analysis and design. a1 aNew DelhibVikas Publishing House Pvt Ltdc2011 axiii,226 aSystem Analysis & Design